[Event "World op"]
[Site "Philadelphia"]
[Date "1993.??.??"]
[Round "9"]
[White "Rohde, Michael A"]
[Black "De Firmian, Nick E"]
[Result "1/2-1/2"]
[WhiteElo "2575"]
[BlackElo "2545"]

1.d4 Nf6 2.Nf3 e6 3.Bf4 b6 4.e3 Bb7 5.Bd3 Be7 6.Nbd2 Nh5 7.Bg3 d6 8.Qe2 Nd7
9.Rd1 Nxg3 10.hxg3 c5 11.c3 Qc7 12.e4 h6 13.a3 g6 14.Nc4 b5 15.Ne3 a6 16.g4 Bf6
17.Bb1 cxd4 18.cxd4 Qb6 19.Qd2 Bg7 20.O-O Nf6 21.e5 Nd5 22.Rfe1 O-O 23.g5 h5
24.Be4 dxe5 25.dxe5 Rfd8 26.Nxd5 Bxd5 27.Qe2 Bxe4 28.Qxe4 Rac8 29.Rc1 Bf8
30.Rc2 b4 31.axb4 Rxc2 32.Qxc2 Qxb4 33.Re4 Qb6 34.Re3 Bc5 35.Re2 Rc8 36.Kh2 Kg7
37.Qc1 Rb8 38.Qc2 Qa7 39.Qd2 Rb4 40.Qc2 a5 41.Kg1 Qb6 42.Qc3 Rb3 43.Qc4 a4
44.Ne1 Rb4 45.Qc2 Be7 46.Nf3 Rb3 47.Rd2 Bc5 48.Kh2 Qb5 49.Kg1 Qb6 50.Kh2 h4
51.Nxh4 Qb8 52.Qe4 Be7 53.Nf3 Rxb2 54.Rxb2 Qxb2 55.Qxa4 Qxf2 56.Qf4 Bd8 57.Kh3 Bb6
58.Kh2 Kg8 59.Qf6  1/2-1/2

[Event "Rilton Cup op9394"]
[Site "Stockholm"]
[Date "1993.??.??"]
[Round "1"]
[White "De Firmian, Nick E"]
[Black "Wieweg, Johnny"]
[Result "1/2-1/2"]
[WhiteElo "2545"]
[BlackElo "2345"]

1.e4 e5 2.Nf3 Nc6 3.Bb5 f5 4.Nc3 fxe4 5.Nxe4 d5 6.Nxe5 dxe4 7.Nxc6 Qg5 8.Qe2 Nf6
9.f4 Qxf4 10.d4 Qd6 11.Ne5+ c6 12.Bc4 Be6 13.c3 Be7 14.O-O O-O 15.Bg5 Rae8
16.Rae1 Kh8 17.Bb3 c5 18.Bxe6 Qxe6 19.Qb5 Bd6 20.Bxf6 gxf6 21.Nd7 Rg8 22.Nxf6 Qh3
23.Nxg8 Rxg8 24.Rf2 e3 25.Kf1 Qh6 26.Rf7 Bxh2 27.Qxb7 cxd4 28.cxd4 Bf4 29.Qe7 Qh1+
30.Ke2 Qxg2+ 31.Kd3 Qg6+ 32.Ke2 Qh5+ 33.Kd3 Qg6+ 34.Ke2 Qh5+  1/2-1/2

[Event "Rilton Cup op9394"]
[Site "Stockholm"]
[Date "1993.??.??"]
[Round "2"]
[White "Astrom, Goran"]
[Black "De Firmian, Nick E"]
[Result "0-1"]
[WhiteElo "2290"]
[BlackElo "2545"]

1.e4 c5 2.Nf3 d6 3.d4 cxd4 4.Nxd4 Nf6 5.Nc3 a6 6.Be2 e5 7.Nb3 Be7 8.Be3 Be6
9.f4 exf4 10.Bxf4 Nc6 11.Qd2 O-O 12.O-O-O Ne5 13.h3 Rc8 14.g4 b5 15.Qd4 Qc7
16.Kb1 Nfd7 17.Rc1 Nb6 18.Nd5 Bxd5 19.exd5 Nbc4 20.Nd2 Ng6 21.Nxc4 bxc4 22.c3 Bf6
23.Qd2 Qe7 24.Rc2 Rfe8 25.Bf3 Nxf4 26.Qxf4 Bg5 27.Qg3 Qe3 28.Qg2 Rb8 29.Rd1 Bf6
30.Ka1 Rxb2 31.Rxb2 Bxc3 32.Kb1 Bxb2 33.Kxb2 Rb8+ 34.Kc2 Qa3 35.Rd2 Qxa2+
36.Kd1 Qb1+  0-1

[Event "Rilton Cup op9394"]
[Site "Stockholm"]
[Date "1993.??.??"]
[Round "5"]
[White "De Firmian, Nick E"]
[Black "Henriksson, Jakob"]
[Result "1-0"]
[WhiteElo "2545"]
[BlackElo "2170"]

1.e4 c6 2.d4 d5 3.Nc3 dxe4 4.Nxe4 Nf6 5.Nxf6+ gxf6 6.c3 Bf5 7.Nf3 e6 8.g3 Bd6
9.Bg2 Nd7 10.O-O Bg4 11.Re1 Qa5 12.h3 Bxf3 13.Qxf3 Rg8 14.b4 Qc7 15.Rb1 f5
16.c4 Rg6 17.c5 Be7 18.Bf4 Qd8 19.b5 Rc8 20.bxc6 bxc6 21.Rb7 Qa5 22.Reb1 Qxa2
23.Qd1 e5 24.Ra1 Qe6 25.d5 cxd5 26.Bxd5 Qf6 27.Rxd7 Kxd7 28.Bxf7+ Kc7 29.Rxa7+ Kb8
30.Qd7 Qc6 31.Bxe5+ Bd6 32.Bxd6+ Rxd6 33.cxd6 Qf3 34.Ra1  1-0

[Event "Rilton Cup op9394"]
[Site "Stockholm"]
[Date "1993.??.??"]
[Round "9"]
[White "De Firmian, Nick E"]
[Black "Dzevlan, Miralem"]
[Result "1-0"]
[WhiteElo "2545"]
[BlackElo "2395"]

1.e4 c5 2.Nf3 d6 3.Nc3 a6 4.g3 Nc6 5.Bg2 g6 6.d4 Bg4 7.dxc5 dxc5 8.Be3 Qa5
9.O-O Rd8 10.Nd5 Bg7 11.c3 e6 12.b4 cxb4 13.cxb4 Nxb4 14.Bb6 Rxd5 15.Bxa5 Rxd1
16.Raxd1 Nc6 17.Bc7 Nge7 18.h3 Bxf3 19.Bxf3 Nd4 20.Bg2 e5 21.f4 Nec6 22.Bd6 f6
23.fxe5 fxe5 24.Kh2 Na5 25.Bc5 Nac6 26.Rb1 Nd8 27.Bb6 N8c6 28.h4 Rf8 29.Rxf8+ Bxf8
30.Bh3  1-0

[Event "Ticino op"]
[Site "Ticino"]
[Date "1993.??.??"]
[Round "5"]
[White "De Firmian, Nick E"]
[Black "Cordara, Michele"]
[Result "1-0"]
[WhiteElo "2545"]
[BlackElo "2205"]

1.e4 e6 2.d4 d5 3.Nc3 Nc6 4.Nf3 Nf6 5.exd5 exd5 6.Bb5 Bb4 7.Ne5 O-O 8.Bxc6 bxc6
9.O-O Bxc3 10.bxc3 Ne4 11.Ba3 Re8 12.f3 Nxc3 13.Qd3 Na4 14.Rae1 Re6 15.f4 c5
16.f5 Rh6 17.Ng4 Rb6 18.dxc5 Ba6 19.Qg3 Rc6 20.f6 g6 21.Nh6+ Kf8 22.Re7  1-0

[Event "Ticino op"]
[Site "Ticino"]
[Date "1993.??.??"]
[Round "6"]
[White "Goldstern, Flip"]
[Black "De Firmian, Nick E"]
[Result "0-1"]
[WhiteElo "2330"]
[BlackElo "2545"]

1.d4 Nf6 2.Nf3 e6 3.e3 c5 4.Bd3 d5 5.c3 Nc6 6.Nbd2 Be7 7.O-O O-O 8.dxc5 Bxc5
9.e4 Be7 10.Qe2 b6 11.Re1 Bb7 12.exd5 Nxd5 13.Ne4 e5 14.Ng3 Nf4 15.Bxf4 exf4
16.Nf5 Re8 17.Ba6 Bxa6 18.Nxe7+ Qxe7 19.Qxa6 Qf6 20.h3 h6 21.Rxe8+ Rxe8 22.Re1 Rd8
23.Qe2 Qd6 24.Qe4 g6 25.Re2 Qf6 26.Rd2 Rxd2 27.Nxd2 Ne5 28.Nf3 Nxf3+ 29.Qxf3 Qe5
30.b3 g5 31.a4 Kg7 32.Kh2 Kg6 33.Qd3+ Kf6 34.Qd8+ Kg7 35.Qd2 f3+ 36.Kg1 fxg2
37.Kxg2 Qe4+ 38.f3 Qe6  0-1

[Event "Ticino op"]
[Site "Ticino"]
[Date "1993.??.??"]
[Round "7"]
[White "De Firmian, Nick E"]
[Black "Wirthensohn, Heinz"]
[Result "1-0"]
[WhiteElo "2545"]
[BlackElo "2400"]

1.e4 c5 2.Nf3 Nc6 3.d4 cxd4 4.Nxd4 e5 5.Nb5 d6 6.c4 Be7 7.N1c3 a6 8.Na3 Be6
9.Bd3 Bg5 10.O-O Nh6 11.Nc2 O-O 12.Nd5 Rc8 13.Bxg5 Qxg5 14.Nb6 Rcd8 15.Qc1 Qh4
16.f3 f5 17.Qe1 Qg5 18.exf5 Nxf5 19.Rd1 Nh4 20.Qg3 Qh6 21.Be4 Nf5 22.Qf2 Nfd4
23.Rfe1 Rf7 24.b3 g5 25.h3 Nxc2 26.Bxc2 Nd4 27.Be4 Qf6 28.Bd5 Bxd5 29.Nxd5 Qg7
30.Re4 Rdf8 31.Rd3 h5 32.Qe1 Qh7 33.Qe3 Rg7 34.Rdxd4 exd4 35.Qxd4 Rgf7 36.Re6 g4
37.hxg4 hxg4 38.Nf6+ Rxf6 39.Rxf6 Rxf6 40.Qxf6 Qb1+ 41.Kh2  1-0

[Event "Tilburg"]
[Site "Tilburg"]
[Date "1993.??.??"]
[Round "2"]
[White "Shirov, Alexei"]
[Black "De Firmian, Nick E"]
[Result "1/2-1/2"]
[WhiteElo "2685"]
[BlackElo "2545"]

1.d4 Nf6 2.c4 e6 3.Nc3 Bb4 4.e3 b6 5.Ne2 Ne4 6.Bd2 Nxd2 7.Qxd2 O-O 8.a3 Be7
9.d5 e5 10.Ng3 d6 11.Bd3 f5 12.O-O g6 13.f4 Nd7 14.Nce2 h5 15.e4 h4 16.Nh1 Nc5
17.Nf2 Nb3 18.Qc2 Nxa1 19.Rxa1 Kg7 20.Rf1 fxe4 21.Bxe4 Bf5 22.Qc3 Kh7 23.Bxf5 Rxf5
24.g4 hxg3 25.hxg3 Qh8 26.Kg2 Kg8 27.fxe5 dxe5 28.g4 Rf7 29.Qd3 Qf6 30.Ng3 Raf8
31.Nfe4 Qh4 32.Rxf7 Rxf7 33.d6 cxd6 34.Nxd6 e4 35.Qxe4 Bxd6 36.Qxg6+ Kh8
37.Qxd6 Qxg4 38.Qe5+ Kg8 39.Qe8+ Kg7 40.Qe5+ Kg6 41.Qd5 Kg7 42.Qe5+ Kh7 43.Qe4+ Qxe4+
44.Nxe4 Rf4 45.Nd6 Kg6 46.Kg3 Kg5 47.b4 Rd4 48.Nb5 Rd7 49.c5 bxc5 50.bxc5 Rd3+
51.Kf2 a6 52.Ke2 Rh3 53.Nc7 Rxa3 54.Kd2 Kf5 55.Kc2 Ke5 56.Kb2 Ra5 57.Kb3 Kd4
58.Kb4 Ra1 59.c6 Rb1+ 60.Ka5 Kc5 61.Nxa6+ Kxc6 62.Nb4+ Kc5 63.Na6+ Kc4 64.Nc7 Rb7
65.Na6 Rb5+ 66.Ka4 Re5 67.Nc7 Rc5 68.Na6 Rb5 69.Nc7 Rb7 70.Na6 Ra7 71.Ka5 Rxa6+  1/2-1/2

[Event "Akureyri"]
[Site "Akureyri"]
[Date "1994.??.??"]
[Round "?"]
[White "Sokolov, Ivan"]
[Black "De Firmian, Nick E"]
[Result "1/2-1/2"]
[WhiteElo "2650"]
[BlackElo "2580"]

1.d4 Nf6 2.c4 e6 3.Nf3 c5 4.d5 exd5 5.cxd5 d6 6.Nc3 g6 7.h3 Bg7 8.Bf4 O-O
9.e3 Na6 10.Be2 Nc7 11.a4 Re8 12.O-O Ne4 13.Qb3 b6 14.Bd3 Bf5 15.Qc4  1/2-1/2

[Event "Akureyri"]
[Site "Akureyri"]
[Date "1994.??.??"]
[Round "?"]
[White "Jonsson, Bjorgvin"]
[Black "De Firmian, Nick E"]
[Result "1-0"]
[WhiteElo "2380"]
[BlackElo "2580"]

1.e4 c5 2.Nf3 d6 3.d4 cxd4 4.Nxd4 Nf6 5.Nc3 a6 6.Be3 e5 7.Nb3 Be6 8.f3 Be7
9.Qd2 Nbd7 10.g4 Nb6 11.O-O-O O-O 12.Rg1 Rc8 13.g5 Nfd7 14.Nd5 Nxd5 15.exd5 Bf5
16.Bd3 Bxd3 17.Qxd3 Nb6 18.Nd2 Qc7 19.Bxb6 Qxb6 20.Ne4 f5 21.gxf6 Bxf6 22.Rg4 Be7
23.Rdg1 Rf7 24.a3 Rcf8 25.R1g3 Qc7 26.Qd2 g6 27.Qh6 Rg7 28.h4 Qa5 29.Nc3 Rf6
30.Qe3 Rf5 31.f4 Qd8 32.fxe5 Bxh4 33.exd6 Bxg3 34.Qxg3 Rgf7 35.Kb1 Rf3 36.Qe5 Qf6
37.Qe8+ Rf8 38.Qe6+ Kg7 39.Ne4 Qf5 40.d7  1-0

[Event "Akureyri"]
[Site "Akureyri"]
[Date "1994.??.??"]
[Round "?"]
[White "De Firmian, Nick E"]
[Black "Thorhallsson, Gylfi"]
[Result "1/2-1/2"]
[WhiteElo "2580"]
[BlackElo "2295"]

1.e4 c5 2.Nf3 Nc6 3.d4 cxd4 4.Nxd4 e5 5.Nb5 a6 6.Nd6+ Bxd6 7.Qxd6 Qf6 8.Qd1 Qg6
9.Nc3 d5 10.Nxd5 Qxe4+ 11.Be3 Nd4 12.Nc7+ Ke7 13.Qd3 Nxc2+ 14.Kd2 Qxd3+ 15.Bxd3 Nxe3
16.Nxa8 Nd5 17.Rhc1 Ngf6 18.Nc7 Nb4 19.a3 Nxd3 20.Kxd3 Kd6 21.Ke2 Bd7 22.b4 Rc8
23.Rc5 Bc6 24.Nxa6 bxa6 25.Rd1+ Ke6 26.a4 Ne4 27.Rcc1 Bd7 28.Rxc8 Bxc8 29.Rd8 Bd7
30.Ra8 Bxa4 31.Rxa6+ Kd5 32.Ke3 Bb5 33.Ra7 Nd6 34.Rc7 h5 35.f4 exf4+ 36.Kxf4 g6
37.h4 f6 38.g3 Kd4 39.Re7 Bc4 40.Rd7 Kd5 41.Rc7 Ke6 42.Rg7 Bd3 43.Rc7 Bf5
44.Rc1 Bg4 45.Rc6 Be2 46.Rc7 Bb5 47.Rg7 Be8 48.Ra7 Kd5 49.Re7 Bf7 50.Rc7 Be8
51.Re7 Ba4 52.Rg7 Bc2 53.Rc7 Bb1 54.Rc5+ Kd4 55.Rc6 Ne4 56.b5 g5+ 57.Kf3 Nc3
58.Rxf6 Be4+ 59.Kf2 gxh4 60.gxh4 Nxb5 61.Rh6 Ke5 62.Rxh5+ Bf5 63.Rh8 Nc7
64.h5 Kf6 65.Rf8+ Kg5 66.h6 Bg6 67.h7 Bxh7 68.Rf7 Be4 69.Rxc7 Kf4 70.Rc4 Kf5
71.Ke3 Bd5 72.Rc5 Ke5 73.Ra5  1/2-1/2

[Event "Akureyri"]
[Site "Akureyri"]
[Date "1994.??.??"]
[Round "?"]
[White "Hjartarson, Johann"]
[Black "De Firmian, Nick E"]
[Result "1/2-1/2"]
[WhiteElo "2595"]
[BlackElo "2580"]

1.d4 Nf6 2.c4 e6 3.Nf3 b6 4.g3 Bb4+ 5.Bd2 Bxd2+ 6.Qxd2 Ba6 7.b3 c6 8.Nc3 d5
9.e4 Nxe4 10.Nxe4 dxe4 11.Ng5 Nd7 12.Bg2 Nf6 13.Nxe4 Nxe4 14.Bxe4 Bb7 15.O-O O-O
16.Qe3 Qf6 17.Rad1 Rfd8 18.Rd2 Rd7 19.Rfd1 Rad8 20.h4 h5 21.Kh2 g6 22.Rd3 Kg7
23.R3d2 Rc8 24.c5 Re7 25.Qf3 Qxf3 26.Bxf3 Rcc7 27.Bg2 Kf6 28.f4 Red7 29.Kg1 Ke7
30.Kf2 Rc8 31.Ke3 b5 32.b4 a5 33.a3 a4 34.Bf3 f5 35.Kd3 Kf6 36.Kc3 Re7 37.Re1 Rcc7
38.Rde2 Rcd7 39.Re3 Rc7 40.Be2 Red7 41.Bd3 Re7 42.Bb1 Bc8 43.Ba2 Ra7 44.Re5 Rac7
45.R1e3  1/2-1/2

[Event "Akureyri"]
[Site "Akureyri"]
[Date "1994.??.??"]
[Round "?"]
[White "De Firmian, Nick E"]
[Black "Kristjansson, Olafur"]
[Result "1-0"]
[WhiteElo "2580"]
[BlackElo "2235"]

1.e4 c5 2.Nf3 Nc6 3.d4 cxd4 4.Nxd4 Nf6 5.Nc3 e6 6.g3 Bb4 7.Bg2 d5 8.exd5 Nxd5
9.Nxc6 bxc6 10.Bd2 O-O 11.Ne2 Ba6 12.c3 Be7 13.O-O Bf6 14.Re1 Rb8 15.Qc2 Qb6
16.b3 Rfd8 17.Bf3 c5 18.Rab1 g6 19.Red1 Bb7 20.Bg2 a5 21.a3 Qa6 22.c4 Nb6
23.Bxb7 Rxb7 24.Bc3 Rxd1+ 25.Rxd1 Be7 26.a4 Rd7 27.Nf4 Qa8 28.Qe2 Kf8 29.Re1 Bd6
30.Qe3 Bxf4 31.Qxf4 Rd3 32.Qh6+ Ke7 33.Qg5+ Ke8 34.Qe5 Kd7 35.Qxc5 Qc6 36.Qxa5 Nc8
37.Bf6 Qb6 38.Qxb6 Nxb6 39.a5 Nc8 40.b4 Ra3 41.Ra1 Rb3 42.b5 Rb4 43.Rd1+  1-0

[Event "Akureyri"]
[Site "Akureyri"]
[Date "1994.??.??"]
[Round "?"]
[White "Danielsen, Henrik"]
[Black "De Firmian, Nick E"]
[Result "1/2-1/2"]
[WhiteElo "2480"]
[BlackElo "2580"]

1.Nf3 c5 2.c4 Nc6 3.g3 g6 4.Nc3 Bg7 5.Bg2 d6 6.d3 a6 7.O-O Rb8 8.a3 b5 9.cxb5 axb5
10.Bd2 Bd7 11.b4 cxb4 12.axb4 Nxb4 13.Qb3 Nc6 14.Rab1 b4 15.Nd5 Nf6 16.Nxb4 Nxb4
17.Bxb4 O-O 18.Rfc1 Be6 19.Qc2 Nd5 20.Bd2 Rc8 21.Qd1 Nc3 22.Bxc3 Rxc3 23.d4 Rxc1
24.Rxc1 Qa5 25.e3 Rb8 26.Rb1 Rc8 27.Rc1 Rxc1 28.Qxc1 Bd7 29.Ne1 e6 30.Nd3 Bf8
31.Bc6 Bc8 32.Bg2 Ba6 33.Bf1 Bb7 34.Bg2 Ba6 35.Bf1 e5 36.dxe5 dxe5 37.Ne1 Bb7
38.Bg2 e4 39.Qb1 Bd5 40.Nc2 f5 41.Bf1 Qc7 42.Nd4 Bg7 43.Qb5 Bf7 44.Ne6 Qe5  1/2-1/2

[Event "Akureyri"]
[Site "Akureyri"]
[Date "1994.??.??"]
[Round "?"]
[White "De Firmian, Nick E"]
[Black "Van Wely, Loek"]
[Result "1/2-1/2"]
[WhiteElo "2580"]
[BlackElo "2570"]

1.e4 c5 2.Nf3 d6 3.Nc3 Nf6 4.d4 cxd4 5.Nxd4 a6 6.f4 e5 7.Nf3 Nbd7 8.a4 Be7
9.Bd3 O-O 10.O-O exf4 11.Bxf4 Qb6+ 12.Kh1 Qxb2 13.Qe1 Qb6 14.Nd5 Nxd5 15.exd5 Qd8
16.Qg3 Nc5 17.Rae1 Nxd3 18.cxd3 Bf5 19.Re3 Re8 20.Rfe1 Qd7 21.a5 Bf8 22.Rxe8 Rxe8
23.Rxe8 Qxe8 24.Bxd6 Bxd6 25.Qxd6 f6 26.Qc7 Qb5 27.d6 Qb1+ 28.Ng1 Qxd3 29.Qb8+ Kf7
30.Qxb7+ Kg6 31.Qe7 Qb5 32.h3 Qd7 33.Qf8 Be4 34.Kh2 Kf5 35.Ne2 Ke5 36.Ng3 Bg6
37.h4 h6 38.h5 Bd3 39.Kg1 Kd5 40.Kf2 Kc5 41.Ke3 Bh7 42.Ne2 Qxd6 43.Qxg7 Qe5+
44.Kf2 Bd3 45.Qa7+ Kb4 46.Qb6+ Bb5 47.Nd4 Qf4+ 48.Kg1 Qe3+ 49.Kh2 Qe5+ 50.Kg1  1/2-1/2

[Event "Antwerp op"]
[Site "Antwerp"]
[Date "1994.??.??"]
[Round "2"]
[White "Manouck, Thierry"]
[Black "De Firmian, Nick E"]
[Result "0-1"]
[WhiteElo "2285"]
[BlackElo "2565"]

1.c4 c5 2.g3 Nc6 3.Bg2 g6 4.Nc3 Bg7 5.a3 d6 6.Rb1 a5 7.d3 e5 8.Nf3 Nge7 9.O-O O-O
10.Ne1 Be6 11.Nc2 d5 12.cxd5 Nxd5 13.Ne3 Nde7 14.Ne4 b6 15.Ng5 Bd7 16.Nd5 h6
17.Nxe7+ Qxe7 18.Ne4 Rac8 19.Bd2 Be6 20.b4 axb4 21.axb4 Nxb4 22.Bxb4 cxb4
23.Qa4 b3 24.Nd2 e4 25.Qxe4 Qa3 26.Nc4 Qc5 27.Qe3 b5 28.Qxc5 Rxc5 29.Nd2 b2
30.e3 Rc2 31.Rbd1 Rfc8 32.Nb1 b4 33.d4 Bc4 34.Rfe1 Be2  0-1

[Event "Antwerp op"]
[Site "Antwerp"]
[Date "1994.??.??"]
[Round "8"]
[White "Van der Sterren, Paul"]
[Black "De Firmian, Nick E"]
[Result "1/2-1/2"]
[WhiteElo "2605"]
[BlackElo "2565"]

1.d4 Nf6 2.c4 e6 3.Nf3 c5 4.d5 exd5 5.cxd5 d6 6.Nc3 g6 7.Nd2 Bg7 8.e4 O-O
9.Be2 Re8 10.O-O Na6 11.f3 Nc7 12.a4 Nd7 13.Kh1 f5 14.exf5 gxf5 15.Nc4 Ne5
16.Bf4 Nxc4 17.Bxc4 Qf6 18.Qb3 Rb8 19.Nb5 Nxb5 20.Bxb5 Re7 21.Rae1 Bd7 22.Rxe7 Qxe7
23.Bxd7 Qxd7 24.Re1 Re8 25.Re6 Kf7 26.Rxe8 Kxe8 27.h3 Qe7 28.Qb5+ Kd8 29.Qa5+ Kc8
30.b3 Be5 31.Bxe5 Qxe5 32.Qxa7 Qxd5 33.Qa8+ Kd7 34.Qf8 h5 35.Qg7+ Kc6 36.Qe7 Qxb3
37.Qe8+ Kc7  1/2-1/2

[Event "Biel op"]
[Site "Biel"]
[Date "1994.??.??"]
[Round "1"]
[White "De Firmian, Nick E"]
[Black "Haist, Wolfgang"]
[Result "1-0"]
[WhiteElo "2565"]
[BlackElo "2290"]

1.e4 c5 2.Nf3 d6 3.d4 cxd4 4.Nxd4 Nf6 5.Nc3 a6 6.f4 e6 7.Qf3 Qc7 8.g4 Nc6
9.Nxc6 bxc6 10.g5 Nd7 11.b3 d5 12.Bb2 Bd6 13.e5 Be7 14.O-O-O Bb7 15.h4 c5
16.Bg2 c4 17.Qe2 Nb6 18.Kb1 O-O-O 19.h5 Kb8 20.Qg4 d4 21.Ne2 c3 22.Bc1 Bc5
23.Rh3 Rd7 24.Rhd3 Rhd8 25.Bxb7 Qxb7 26.g6 hxg6 27.hxg6 Nd5 28.gxf7 Nb4 29.Qxe6 Nxd3
30.Rxd3 Re7 31.Qc4 Qb5 32.Nxd4 Qxc4 33.Nc6+ Kc7 34.Nxd8 Qb5 35.f8=Q  1-0

[Event "Biel op"]
[Site "Biel"]
[Date "1994.??.??"]
[Round "5"]
[White "De Firmian, Nick E"]
[Black "Razuvaev, Yuri S"]
[Result "1/2-1/2"]
[WhiteElo "2565"]
[BlackElo "2550"]

1.e4 c6 2.d4 d5 3.Nc3 dxe4 4.Nxe4 Nd7 5.Bd3 Ngf6 6.Ng5 e6 7.N1f3 Bd6 8.c3 h6
9.Ne4 Nxe4 10.Bxe4 Qc7 11.O-O c5 12.Re1 O-O 13.Bc2 Rd8 14.Qd3 Nf8 15.Be3  1/2-1/2

[Event "Biel op"]
[Site "Biel"]
[Date "1994.??.??"]
[Round "6"]
[White "De Firmian, Nick E"]
[Black "Chernin, Alexander"]
[Result "1/2-1/2"]
[WhiteElo "2565"]
[BlackElo "2615"]

1.e4 d6 2.d4 Nf6 3.Nc3 g6 4.f4 Bg7 5.Nf3 c5 6.Bb5+ Bd7 7.e5 Ng4 8.e6 fxe6
9.Ng5 Bxb5 10.Nxe6 Bxd4 11.Nxb5 Qa5+ 12.Qd2 Bf2+ 13.Kd1 Ne3+ 14.Ke2 Qxb5+
15.Kxf2 Ng4+ 16.Kg3 Na6 17.Re1 Nh6 18.b3 Nf5+ 19.Kf2 h5 20.Bb2 Rg8 21.Rad1 Kd7
22.c4  1/2-1/2

[Event "Biel op"]
[Site "Biel"]
[Date "1994.??.??"]
[Round "8"]
[White "Hoffmann, Michael"]
[Black "De Firmian, Nick E"]
[Result "1/2-1/2"]
[WhiteElo "2470"]
[BlackElo "2565"]

1.d4 Nf6 2.c4 e6 3.Nc3 Bb4 4.Qc2 O-O 5.a3 Bxc3+ 6.Qxc3 b6 7.Bg5 Bb7 8.e3 d6
9.f3 Nbd7 10.Bd3 c5 11.Ne2 Rc8 12.Qb3 h6 13.Bh4 d5 14.cxd5 Bxd5 15.Qa4 Bc6
16.Qd1 b5 17.O-O Qb6 18.Rc1 Bb7 19.Bb1 cxd4 20.Qxd4 Qxd4 21.Nxd4 a6 22.Bxf6  1/2-1/2

[Event "Biel op"]
[Site "Biel"]
[Date "1994.??.??"]
[Round "11"]
[White "Klovans, Janis"]
[Black "De Firmian, Nick E"]
[Result "1/2-1/2"]
[WhiteElo "2405"]
[BlackElo "2565"]

1.e4 c5 2.Nf3 d6 3.d4 cxd4 4.Nxd4 Nf6 5.Nc3 a6 6.Be2 e5 7.Nb3 Be7 8.O-O O-O
9.a4 Nc6 10.Be3 Be6 11.Qd2 Rc8 12.Rfd1 Nb4 13.a5 d5 14.Bb6 Qe8 15.exd5 Nbxd5
16.Nxd5 Bxd5 17.Rac1 Qa4 18.Qg5 Rfe8 19.Qe3 Bf8 20.h3 Rxc2 21.Rxc2 Bxb3 22.Rcc1 Nd5
23.Qxb3 Qxb3 24.Bc4 Qxd1+ 25.Rxd1 Nf6 26.Rd8 Rxd8 27.Bxd8 Bc5 28.Bxf6 gxf6
29.Bd5 b6 30.axb6 Bxb6 31.b4 f5 32.Bb7 a5 33.bxa5 Bxa5 34.Bc8 f4 35.Bf5 Kg7
36.Kf1 h6 37.Ke2 Kf6 38.Bc2 Kg5 39.Bh7 Bb6 40.Kf3 f5 41.Ke2 e4 42.f3 e3 43.Kf1 Bc5
44.Bg8 Kh4 45.Be6 Kg3 46.Bxf5 e2+ 47.Kxe2 Kxg2 48.Bc8  1/2-1/2

[Event "Chicago op"]
[Site "Chicago"]
[Date "1994.??.??"]
[Round "1"]
[White "Friedman, Edward"]
[Black "De Firmian, Nick E"]
[Result "0-1"]
[WhiteElo "2290"]
[BlackElo "2580"]

1.e4 c5 2.d4 cxd4 3.c3 d3 4.Bxd3 Nc6 5.c4 g6 6.Nc3 Bg7 7.Nge2 Nf6 8.Bf4 d6
9.Qd2 O-O 10.O-O-O Ng4 11.Ng3 Nce5 12.Bf1 Be6 13.f3 Nf6 14.Bxe5 dxe5 15.Qxd8 Rfxd8
16.Nd5 Kf8 17.a4 Rac8 18.Nxf6 Bh6+ 19.Kc2 Rxd1 20.Kxd1 exf6 21.b3 Rd8+ 22.Kc2 Rd2+
23.Kc3 Ra2 24.Be2 Bd2+ 25.Kd3 Bb4 26.Bd1 Rd2+ 27.Ke3 Rxg2 28.Ne2 f5 29.f4 Bc5+
30.Kf3 Rf2+ 31.Kg3 fxe4 32.fxe5 Rf3+  0-1

[Event "Chicago op2"]
[Site "Chicago"]
[Date "1994.??.??"]
[Round "3"]
[White "Olesen, Martin"]
[Black "De Firmian, Nick E"]
[Result "0-1"]
[WhiteElo "2340"]
[BlackElo "2580"]

1.d4 Nf6 2.Nf3 e6 3.e3 c5 4.Bd3 Nc6 5.O-O d5 6.b3 Be7 7.Bb2 O-O 8.Nbd2 b6
9.c4 cxd4 10.exd4 Bb7 11.Rc1 Rc8 12.Qe2 Re8 13.Rfd1 Bf8 14.Qe3 g6 15.Ne5 Bg7
16.Ndf3 dxc4 17.bxc4 Nxe5 18.Nxe5 Nd7 19.Nf3 Bxf3 20.Qxf3 e5 21.dxe5 Qc7
22.g3 Nxe5 23.Bxe5 Qxe5 24.Bf1 Rc7 25.Rc2 Qf6 26.Qxf6 Bxf6 27.Rcd2 Ree7 28.Rd5 Kg7
29.Kg2 h5 30.h4 Bc3 31.Rb5 Re6 32.Rbd5 Bb4 33.Rd7 Rxd7 34.Rxd7 a5 35.Rd1 Bc5
36.Kg1 Rf6 37.Rd2 Rf3 38.Kg2 Rc3 39.Be2 a4 40.Bf3 Rxc4 41.Bd5 Rc3 42.Be4 Rc4
43.Bd5 Rb4 44.Bc6 a3 45.Kf3 Rb2 46.Re2 b5 47.Be4 b4 48.Rxb2 axb2 49.Ke2 f5
50.Bb1 Kf6 51.f4 Ke6 52.Bc2 Kd5 53.Bd3 Bg1 54.Kf1 Kd4 55.Bb1 Bh2  0-1

[Event "Chicago op2"]
[Site "Chicago"]
[Date "1994.??.??"]
[Round "5"]
[White "De Firmian, Nick E"]
[Black "Gurevich, Dmitry"]
[Result "0-1"]
[WhiteElo "2580"]
[BlackElo "2545"]

1.e4 c5 2.Nf3 d6 3.d4 cxd4 4.Nxd4 Nf6 5.Nc3 Nc6 6.Bc4 e6 7.Be3 Be7 8.Qe2 a6
9.O-O-O Qc7 10.Bb3 Na5 11.g4 b5 12.g5 Nxb3+ 13.axb3 Nd7 14.h4 b4 15.Na4 Nc5
16.h5 Bd7 17.g6 Nxb3+ 18.Kb1 Nxd4 19.Bxd4 Bxa4 20.Bxg7 Kd7 21.Bxh8 Rxh8 22.g7 Rc8
23.b3 Bb5 24.Qd2 Bf6 25.Rhg1 Be2 26.Qxe2 Qc3 27.e5 Bxe5 28.Qxe5 Qxe5 29.g8=Q Rxg8
30.Rxg8 Qxh5 31.Rdg1 Qf3 32.R1g2 a5 33.R8g3 Qd1+ 34.Kb2 Qh1 35.Rg8 Qh4 36.R8g4 Qf6+
37.Kb1 d5 38.Rh2 a4 39.bxa4 b3 40.Rg3 bxc2+ 41.Kxc2 Qf4 42.a5 Qa4+ 43.Rb3 Kd6
44.f3 Qxa5 45.Kb2 h6 46.f4 Qa4 47.Rf3 Qd4+ 48.Ka2 Qe4 49.Rhf2 Qc4+ 50.Kb2 h5
51.Rh2 Qe4 52.Rfh3 Qxf4 53.Rxh5 e5 54.R5h4 Qe3 55.Rh6+ Ke7 56.Rh8 Qd4+ 57.Ka3 Qa7+
58.Kb4 e4 59.R8h5 Qd4+ 60.Kb5 e3 61.Rc2 Kf8 62.Rc8+ Kg7 63.Rch8 Qc4+ 64.Kb6 Qb4+
65.Kc7 Qf4+ 66.Kd8 d4  0-1

[Event "Troll Masters"]
[Site "Gausdal"]
[Date "1994.??.??"]
[Round "1"]
[White "Berg, Klaus"]
[Black "De Firmian, Nick E"]
[Result "0-1"]
[WhiteElo "2440"]
[BlackElo "2580"]

1.d4 Nf6 2.Nf3 e6 3.e3 c5 4.Bd3 d5 5.c3 Nc6 6.O-O Bd6 7.Nbd2 O-O 8.Re1 e5
9.e4 cxd4 10.exd5 Nxd5 11.Nc4 h6 12.Nfxe5 Nxe5 13.Nxe5 dxc3 14.Qf3 Nb4 15.Bc4 Be6
16.Bxe6 fxe6 17.Qxc3 Rc8 18.Qb3 Bxe5 19.Qxb4 Bd4 20.Be3 Bxe3 21.Rxe3 Rc2
22.Rf1 Qd5 23.a3 Rf7 24.Qe1 Rxb2 25.Rxe6 Qd3 26.Re8+ Kh7 27.Qe5 Rfxf2 28.Rxf2 Rb1+
29.Qe1 Rxe1+ 30.Rxe1 Qxa3 31.h3 b5 32.Rf7 a5 33.Ree7 Qb2 34.Ra7 a4 35.Ra6 a3
36.Rfa7 b4 37.Ra4 Qd2 38.Kh2 Qf4+ 39.Kg1 Qe3+ 40.Kh2 Qe5+ 41.Kg1 b3 42.Rxa3 b2
43.Rb3  0-1

[Event "Troll Masters"]
[Site "Gausdal"]
[Date "1994.??.??"]
[Round "6"]
[White "Djurhuus, Rune"]
[Black "De Firmian, Nick E"]
[Result "0-1"]
[WhiteElo "2460"]
[BlackElo "2580"]

1.e4 c5 2.Nf3 d6 3.d4 cxd4 4.Nxd4 Nf6 5.Nc3 a6 6.Bc4 e6 7.Bb3 b5 8.Qe2 Be7
9.g4 b4 10.Na4 d5 11.e5 Nfd7 12.g5 Bb7 13.f4 Nc6 14.Be3 Qa5 15.c3 Nxd4 16.Bxd4 Bc6
17.Qd1 O-O 18.O-O Rab8 19.Bc2 g6 20.Rf3 bxc3 21.Bxc3 Qc7 22.Bd4 Bxa4 23.Bxa4 Bc5
24.Bxd7 Bxd4+ 25.Qxd4 Qxd7 26.Rc1 Rfc8 27.Rxc8+ Rxc8 28.Rc3 Rb8 29.Rc5 Qb7
30.b3 Kg7 31.Kf2 Qb6 32.Ke3 a5 33.Rc1 Qa6 34.Qd3 Qa8 35.Rc7 a4 36.Qc3 axb3
37.axb3 d4+ 38.Qxd4 Rxb3+ 39.Rc3 Rb2  0-1

[Event "Troll Masters"]
[Site "Gausdal"]
[Date "1994.??.??"]
[Round "7"]
[White "De Firmian, Nick E"]
[Black "Pedersen, Steffen"]
[Result "1-0"]
[WhiteElo "2580"]
[BlackElo "2420"]

1.e4 e5 2.Nf3 d6 3.d4 Nf6 4.Nc3 Nbd7 5.Bc4 Be7 6.O-O O-O 7.Re1 c6 8.a4 a5
9.h3 Re8 10.Ba2 h6 11.Be3 Bf8 12.dxe5 dxe5 13.Qe2 Bb4 14.Rad1 Nh7 15.Nd2 Qe7
16.Nc4 Nhf6 17.Qf3 Rb8 18.Ba7 Ra8 19.Be3 Rb8 20.Bd2 Nh7 21.Ne2 Bxd2 22.Rxd2 Ng5
23.Qe3 Qc5 24.Nd6 Qxe3 25.fxe3 Re7 26.h4 Ne6 27.Bxe6 fxe6 28.Nc3 Nb6 29.b3 Bd7
30.Nd1 Be8 31.Nf2 Rd8 32.Red1 Bh5 33.g4 Be8 34.c4 c5 35.Nxe8 Rdxe8 36.g5 h5
37.Kg2 g6 38.Rd6 Nc8 39.Rd8 Kg7 40.Kf3 Rxd8 41.Rxd8 Nb6 42.Nd3 Rd7  1-0

[Event "Troll Masters"]
[Site "Gausdal"]
[Date "1994.??.??"]
[Round "8"]
[White "Van Wely, Loek"]
[Black "De Firmian, Nick E"]
[Result "1/2-1/2"]
[WhiteElo "2570"]
[BlackElo "2580"]

1.d4 Nf6 2.c4 e6 3.Nf3 b6 4.Nc3 Bb4 5.Qb3 c5 6.Bg5 Nc6 7.d5 Na5 8.Qc2 h6
9.Bh4 d6 10.Nd2 O-O 11.e4 Bxc3 12.Qxc3 exd5 13.Bxf6 Qxf6 14.Qxf6 gxf6 15.exd5 Re8+
16.Kd1 Bf5 17.a4 Re7 18.Ra3 Rae8 19.Rg3+ Bg6 20.Bd3 Kh7 21.b3 h5 22.h4 Kh6
23.Rf3 Kg7 24.Rg1 Bxd3 25.Rxd3 f5 26.Rg3+ Kf6 27.Rg5 Re2 28.Rf1 Rxd2+ 29.Kxd2 Nxb3+
30.Kd3 Re4 31.Rxh5 Rd4+ 32.Kc2 Na5 33.Rh6+ Kg7 34.Rxd6 Rxc4+ 35.Kd3 Rxa4
36.h5 Rd4+ 37.Kc2 Rc4+ 38.Kd3 Rd4+ 39.Ke2 Re4+ 40.Kd3  1/2-1/2

[Event "Las Vegas op"]
[Site "Las Vegas"]
[Date "1994.??.??"]
[Round "?"]
[White "Shaked, Tal"]
[Black "De Firmian, Nick E"]
[Result "0-1"]
[WhiteElo "2370"]
[BlackElo "2580"]

1.e4 c5 2.c3 Nf6 3.e5 Nd5 4.d4 cxd4 5.Nf3 Nc6 6.Bc4 Nb6 7.Bb3 d5 8.exd6 Qxd6
9.Na3 Be6 10.Nb5 Qd7 11.Bxe6 Qxe6+ 12.Be3 Qd7 13.Nbxd4 e6 14.O-O Nc4 15.Qe2 Nxe3
16.fxe3 Be7 17.Rad1 Qc7 18.Qc4 O-O 19.Nxc6 bxc6 20.Rf2 Rad8 21.Rfd2 Qb6 22.Qf4 Rd5
23.c4 Rxd2 24.Rxd2 Bf6 25.b3 h6 26.Qe4 c5 27.Kf2 Qa5 28.Qc2 Rd8 29.Rxd8+ Qxd8
30.Qd2 Qc7 31.Qc2 g6 32.Qd2 h5 33.Qc2 Kg7 34.Qd2 g5 35.h3 g4 36.hxg4 hxg4
37.Ne1 Qh2 38.Ke2 Qg1 39.Kd3 Bh4 40.Nc2 Bf2 41.b4 Qxg2 42.bxc5 g3 43.Qe2 f5
44.Nd4 Qe4+ 45.Kd2 e5 46.Nc2 Kg6 47.a3 a5 48.Qf1 Qc6 49.Qh3 g2  0-1